[Event "XLI Olimpiadi"]
[Site "Tromso NOR"]
[Date "2014.08.09"]
[Round "7.3"]
[White "Brunello, Sabino"]
[Black "Jeitz, Christian"]
[WhiteElo "2560"]
[BlackElo "2189"]
[Result "1-0"]
[Annotator "ITA-LUX"]
[PlyCount "137"]
[EventDate "2014.08.02"]

1. c4 Nf6 2. g3 g6 3. Bg2 d5 4. cxd5 Nxd5 5. Nc3 Nb6 6. d3 Bg7 7. Be3 N8d7 8.
Qc1 h6 9. Nf3 Nf6 10. O-O Nbd5 11. Bd2 c6 12. Rb1 a5 13. Na4 Nd7 14. b3 N7b6
15. Nb2 a4 16. Rd1 Nc7 17. Nc4 Nb5 18. bxa4 Rxa4 19. Qc2 Ra8 20. Nxb6 Qxb6 21.
a4 Na3 22. Rxb6 Nxc2 23. Rc1 Na3 24. Rb4 O-O 25. Bc3 b5 26. Bxg7 Kxg7 27. axb5
cxb5 28. Nd4 Ra6 29. Rb3 Bd7 30. Ra1 Ra4 31. Nxb5 Bxb5 32. Rxb5 Nxb5 33. Rxa4
Rd8 34. Rc4 Nd6 35. Rc7 Kf6 36. f4 Rc8 37. Rxc8 Nxc8 38. Kf2 h5 39. h4 e6 40.
d4 Nd6 41. e4 Ne8 42. Ke3 Ke7 43. e5 Ng7 44. Be4 Kd7 45. Kd3 Ke7 46. Ke3 Ne8
47. Ke2 Ng7 48. Kf3 Ne8 49. Bd3 Ng7 50. g4 hxg4+ 51. Kxg4 Ne8 52. Kg5 Kf8 53.
Bxg6 fxg6 54. Kxg6 Nc7 55. Kf6 Nd5+ 56. Kxe6 Nxf4+ 57. Kf5 Nd5 58. h5 Kg7 59.
e6 Ne3+ 60. Kf4 Nc4 61. Kg5 Nd6 62. h6+ Kh7 63. d5 Ne4+ 64. Kf5 Nd6+ 65. Ke5
Nc4+ 66. Kf6 Kxh6 67. e7 Nd6 68. Ke6 Ne8 69. d6 1-0

[Event "XLI Olimpiadi"]
[Site "Tromso NOR"]
[Date "2014.08.09"]
[Round "7.4"]
[White "Gengler, Pierre"]
[Black "Dvirnyy, Danyyil"]
[WhiteElo "2173"]
[BlackElo "2530"]
[Result "0-1"]
[Annotator "ITA-LUX"]
[PlyCount "110"]
[EventDate "2014.08.02"]

1. e4 d6 2. d4 Nf6 3. Nc3 Nbd7 4. Nf3 e5 5. Bc4 Be7 6. O-O O-O 7. Re1 c6 8. a4
a5 9. d5 Nb6 10. Bb3 Bg4 11. Bg5 Nfxd5 12. Nxd5 Nxd5 13. h3 Bxf3 14. Qxf3 Bxg5
15. exd5 c5 16. Bc4 f5 17. Ra3 e4 18. Qd1 Qf6 19. Rb3 Rf7 20. g3 Raf8 21. f4
Bh6 22. h4 Bxf4 23. gxf4 Qxh4 24. Qd2 Rf6 25. Re2 Rg6+ 26. Rg2 Rxg2+ 27. Kxg2
Rf6 28. Qf2 Rg6+ 29. Rg3 Rh6 30. Kf1 Qf6 31. c3 Rh4 32. Ke1 Qh6 33. Rg5 Rh1+
34. Bf1 Qh3 35. Qg2 Qh4+ 36. Qf2 g6 37. Ke2 Kf7 38. Rg1 Qxf2+ 39. Kxf2 Rh4 40.
Ke3 h6 41. Bg2 Rg4 42. Kf2 Rxf4+ 43. Kg3 Rg4+ 44. Kf2 Kf6 45. Rh1 h5 46. Bf1 f4
47. Be2 Rg3 48. Rb1 h4 49. b4 e3+ 50. Kf1 h3 51. bxc5 h2 52. Bf3 Rg1+ 53. Ke2
Rxb1 54. c6 bxc6 55. dxc6 h1=Q 0-1

[Event "XLI Olimpiadi"]
[Site "Tromso NOR"]
[Date "2014.08.10"]
[Round "8.1"]
[White "Shirov, Alexei D."]
[Black "Caruana, Fabiano"]
[WhiteElo "2709"]
[BlackElo "2801"]
[Result "1/2-1/2"]
[Annotator "ITA-LAT"]
[PlyCount "99"]
[EventDate "2014.08.02"]

1. e4 e5 2. Nf3 Nc6 3. Bb5 Nf6 4. O-O Nxe4 5. Re1 Nd6 6. Nxe5 Be7 7. Bf1 Nxe5
8. Rxe5 O-O 9. Nc3 Ne8 10. Nd5 Bd6 11. Re1 c6 12. Ne3 Be7 13. Qe2 Bg5 14. Nf5
d5 15. Ne7+ Kh8 16. Nxc8 Rxc8 17. d4 Bxc1 18. Raxc1 Nf6 19. c3 Re8 20. Qd2 Qd6
21. Bd3 h6 22. Rxe8+ Rxe8 23. Re1 Kg8 24. Rxe8+ Nxe8 25. g3 Nf6 26. Kg2 Kf8 27.
Qe3 Ng4 28. Qf3 Nf6 29. Qf5 Qd8 30. b4 g6 31. Qe5 h5 32. h3 Kg8 33. f4 Nd7 34.
Qd6 Qe8 35. Kf3 Kg7 36. g4 hxg4+ 37. hxg4 b5 38. g5 Qe6 39. Qc7 Qh3+ 40. Ke2
Nf8 41. Qxc6 Ne6 42. Qd6 a6 43. Qe5+ Kg8 44. f5 Qg4+ 45. Kd2 Qxg5+ 46. Kc2 Nf4
47. Qe8+ Kg7 48. Qe5+ Kg8 49. Qe8+ Kg7 50. Qe5+ 1/2-1/2

[Event "XLI Olimpiadi"]
[Site "Tromso NOR"]
[Date "2014.08.10"]
[Round "8.2"]
[White "David, Alberto"]
[Black "Kovalenko, Igor"]
[WhiteElo "2565"]
[BlackElo "2650"]
[Result "0-1"]
[Annotator "ITA-LAT"]
[PlyCount "128"]
[EventDate "2014.08.02"]

1. e4 c6 2. Nc3 d5 3. Nf3 Bg4 4. h3 Bxf3 5. Qxf3 e6 6. d4 Nf6 7. Bd3 dxe4 8.
Nxe4 Nxe4 9. Qxe4 Nd7 10. c3 Nf6 11. Qe2 Qc7 12. O-O Bd6 13. Qf3 h6 14. Re1 Qa5
15. Bf4 Bxf4 16. Qxf4 O-O-O 17. Re5 Qc7 18. Qf3 Rd5 19. Rae1 Rhd8 20. Bc4 Rxe5
21. Rxe5 Nd7 22. Re1 Nf6 23. Re5 Nd7 24. Re1 Nb6 25. Bb3 Kb8 26. Re5 Nd7 27.
Re1 Nf6 28. Re5 Qd6 29. Kh1 Kc7 30. Kg1 Rg8 31. Bc4 Kd8 32. b4 Ke7 33. a4 Rc8
34. Bf1 b6 35. Re1 Rc7 36. Rb1 g5 37. Bc4 Qf4 38. Qd3 Ne4 39. Rf1 Nd6 40. Re1
Kf8 41. Bb3 Qf5 42. Qd1 Ne4 43. Qc2 Nd6 44. Qe2 Qf6 45. Bc2 Kg7 46. Qd3 Nf5 47.
Re5 Rd7 48. Qc4 Rd5 49. Re2 Ne7 50. Be4 Rd6 51. g3 Nd5 52. Kg2 h5 53. Bc2 h4
54. Qd3 Kf8 55. Qd2 c5 56. Re5 Nxb4 57. Re3 Nxc2 58. Qxc2 cxd4 59. cxd4 hxg3
60. Rxg3 Rxd4 61. a5 Qe5 62. axb6 axb6 63. Qc8+ Kg7 64. Qc1 f6 0-1

[Event "XLI Olimpiadi"]
[Site "Tromso NOR"]
[Date "2014.08.10"]
[Round "8.3"]
[White "Neiksans, Arturs"]
[Black "Brunello, Sabino"]
[WhiteElo "2572"]
[BlackElo "2560"]
[Result "1-0"]
[Annotator "ITA-LAT"]
[PlyCount "79"]
[EventDate "2014.08.02"]

1. e4 e5 2. Nf3 Nc6 3. Bb5 a6 4. Ba4 Nf6 5. O-O Be7 6. d3 b5 7. Bb3 d6 8. a4
Rb8 9. axb5 axb5 10. c3 O-O 11. d4 exd4 12. cxd4 Bg4 13. Be3 Nb4 14. h3 Bxf3
15. Qxf3 c5 16. dxc5 dxc5 17. Rd1 Qc8 18. e5 Ne8 19. Na3 c4 20. Bc2 Nc7 21. Bf5
Ne6 22. Nc2 Nxc2 23. Bxc2 Bc5 24. Rd5 Bxe3 25. Qxe3 Rd8 26. Rad1 Rxd5 27. Rxd5
Qa6 28. f4 Qa1+ 29. Kh2 Qxb2 30. Rd2 Qa1 31. f5 Nc7 32. Rd7 Ne8 33. e6 fxe6 34.
fxe6 Rc8 35. Bf5 Qf6 36. Rf7 Qd8 37. Qe5 Qb6 38. Bxh7+ Kxh7 39. Qh5+ Kg8 40.
Rf8+ 1-0

[Event "XLI Olimpiadi"]
[Site "Tromso NOR"]
[Date "2014.08.10"]
[Round "8.4"]
[White "Dvirnyy, Danyyil"]
[Black "Miezis, Normunds"]
[WhiteElo "2530"]
[BlackElo "2524"]
[Result "1/2-1/2"]
[Annotator "ITA-LAT"]
[PlyCount "89"]
[EventDate "2014.08.02"]

1. e4 c5 2. Nf3 e6 3. d4 cxd4 4. Nxd4 a6 5. c4 Nf6 6. Nc3 Bb4 7. Qd3 Nc6 8.
Nxc6 dxc6 9. e5 Qxd3 10. Bxd3 Nd7 11. f4 Nc5 12. Bc2 b5 13. Bd2 Bb7 14. O-O-O
O-O-O 15. Be3 bxc4 16. a3 Bxc3 17. Bxc5 Ba5 18. Be4 g6 19. Kc2 Rxd1 20. Rxd1
Rd8 21. Rxd8+ Kxd8 22. Bf3 Kc7 23. Be2 Bb6 24. Bxb6+ Kxb6 25. Bxc4 c5 26. g3
Be4+ 27. Kd2 a5 28. Ke3 Bc6 29. Kd2 Be4 30. Be2 Kc7 31. h4 h5 32. g4 hxg4 33.
Bxg4 Kd7 34. Ke3 Bd5 35. h5 gxh5 36. Bxh5 Ke7 37. Be2 f6 38. exf6+ Kxf6 39. Bd3
e5 40. fxe5+ Kxe5 41. Be2 c4 42. Bf1 Be6 43. Be2 Bd5 44. Bf1 Be6 45. Be2
1/2-1/2

[Event "XLI Olimpiadi"]
[Site "Tromso NOR"]
[Date "2014.08.11"]
[Round "9.1"]
[White "Caruana, Fabiano"]
[Black "Banikas, Hristos"]
[WhiteElo "2801"]
[BlackElo "2644"]
[Result "1-0"]
[Annotator "ITA-GRE"]
[PlyCount "73"]
[EventDate "2014.08.02"]

1. c4 c5 2. Nf3 Nf6 3. Nc3 Nc6 4. g3 b6 5. d4 cxd4 6. Nxd4 Nxd4 7. Qxd4 Bb7 8.
e4 g6 9. Bg2 Bg7 10. O-O d6 11. Bg5 O-O 12. Qd2 Ng4 13. h3 h6 14. Bf4 e5 15.
Be3 Nxe3 16. Qxe3 Bc8 17. Rfd1 Be6 18. b3 Qe7 19. Rd3 Rfd8 20. Rad1 h5 21. h4
Kh7 22. Kh2 Bh6 23. Qe2 Rac8 24. Bh3 Rc6 25. Kg2 a6 26. Rf3 Kg7 27. a4 Qb7 28.
Rfd3 Qc8 29. Rh1 Kh7 30. Nd5 Qb7 31. g4 hxg4 32. Bxg4 Bxd5 33. exd5 Rc5 34. h5
g5 35. Qe4+ Kg8 36. Rf3 Kg7 37. Be6 1-0

[Event "XLI Olimpiadi"]
[Site "Tromso NOR"]
[Date "2014.08.11"]
[Round "9.2"]
[White "Papaioannou, Ioannis"]
[Black "Vocaturo, Daniele"]
[WhiteElo "2641"]
[BlackElo "2587"]
[Result "1/2-1/2"]
[Annotator "ITA-GRE"]
[PlyCount "77"]
[EventDate "2014.08.02"]

1. d4 Nf6 2. Nf3 g6 3. Bg5 Bg7 4. Nbd2 O-O 5. c3 d5 6. e3 Nbd7 7. Be2 Re8 8.
O-O e5 9. h3 h6 10. Bh4 e4 11. Nh2 Nb6 12. Rc1 c6 13. b3 Bf5 14. c4 g5 15. Bg3
Bg6 16. c5 Nc8 17. b4 a6 18. a4 Ne7 19. b5 axb5 20. axb5 Nf5 21. Be5 Nd7 22.
Bxg7 Nxg7 23. Ra1 f5 24. Rxa8 Qxa8 25. Qa1 f4 26. Qc3 Nf5 27. Ra1 Qd8 28. Ra7
fxe3 29. fxe3 Ng3 30. Bd1 Qb8 31. bxc6 Qxa7 32. cxd7 Rf8 33. Ng4 Qa4 34. Bxa4
Ne2+ 35. Kh2 Nxc3 36. c6 bxc6 37. Bxc6 Kg7 38. Nb3 Bf5 39. Nc5 1/2-1/2

[Event "XLI Olimpiadi"]
[Site "Tromso NOR"]
[Date "2014.08.11"]
[Round "9.3"]
[White "Brunello, Sabino"]
[Black "Halkias, Stelios"]
[WhiteElo "2560"]
[BlackElo "2544"]
[Result "1/2-1/2"]
[Annotator "ITA-GRE"]
[PlyCount "140"]
[EventDate "2014.08.02"]

1. d4 Nf6 2. c4 e6 3. Nc3 Bb4 4. e3 O-O 5. Nge2 c6 6. a3 Ba5 7. Qc2 d5 8. Ng3
Nbd7 9. Be2 Bc7 10. O-O dxc4 11. Bxc4 e5 12. Rd1 exd4 13. exd4 Nb6 14. Ba2 Nfd5
15. Nce4 h6 16. Nc5 Qh4 17. b4 Nf6 18. h3 Nbd5 19. Qd3 Re8 20. Bd2 b6 21. Na4
Be6 22. Bb1 Rad8 23. Nc3 Nxc3 24. Bxc3 Bd5 25. Ba2 Bxg3 26. fxg3 Qe4 27. Bxd5
Nxd5 28. Qxe4 Rxe4 29. Be1 f5 30. Rdc1 Rd6 31. Bf2 Kf7 32. Rc4 Ke8 33. a4 Kd7
34. b5 Re8 35. Rac1 Rc8 36. a5 bxa5 37. Rc5 a4 38. Ra1 Nb6 39. Rxf5 Rf6 40.
bxc6+ Kxc6 41. Ra5 Kb7 42. d5 Rc4 43. g4 Rd6 44. Rb1 Rc3 45. Rxa4 Rxd5 46. Rab4
Rcd3 47. Kh2 Rd1 48. Rxd1 Rxd1 49. Bd4 g5 50. Bg7 Rd6 51. Re4 Nd5 52. Re8 Rg6
53. Be5 a5 54. Kg3 Nb6 55. h4 gxh4+ 56. Kxh4 a4 57. Kh5 Rg5+ 58. Kxh6 Rxg4 59.
Re7+ Kc6 60. Rg7 Re4 61. Rg6+ Kb5 62. Bd6 Nc4 63. Rg5+ Kc6 64. Bf8 Ne5 65. Kg7
Rg4 66. Rxg4 Nxg4 67. Kg6 Kd5 68. Kg5 Ne5 69. Kf5 Nc4 70. g4 Ne3+ 1/2-1/2

[Event "XLI Olimpiadi"]
[Site "Tromso NOR"]
[Date "2014.08.11"]
[Round "9.4"]
[White "Mastrovasilis, Athanasios"]
[Black "Dvirnyy, Danyyil"]
[WhiteElo "2526"]
[BlackElo "2530"]
[Result "1/2-1/2"]
[Annotator "ITA-GRE"]
[PlyCount "61"]
[EventDate "2014.08.02"]

1. Nf3 Nf6 2. c4 g6 3. Nc3 c5 4. d4 cxd4 5. Nxd4 Nc6 6. g3 Bg7 7. Bg2 O-O 8.
O-O Qa5 9. Nb3 Qh5 10. c5 d6 11. cxd6 Rd8 12. e4 Qxd1 13. Rxd1 Rxd6 14. Rxd6
exd6 15. Bf4 Ne8 16. Rd1 Be6 17. Be3 Nb4 18. Na5 b6 19. e5 Rc8 20. exd6 Nxd6
21. Rxd6 bxa5 22. a3 Nc2 23. Bxa7 Nxa3 24. Bb7 Re8 25. bxa3 Bxc3 26. Bb6 Bh3
27. Rd8 Rxd8 28. Bxd8 Bb2 29. Bxa5 Bxa3 30. Bg2 Bxg2 31. Kxg2 1/2-1/2

[Event "XLI Olimpiadi"]
[Site "Tromso NOR"]
[Date "2014.08.12"]
[Round "10.1"]
[White "Djukic, Nikola"]
[Black "Caruana, Fabiano"]
[WhiteElo "2521"]
[BlackElo "2801"]
[Result "0-1"]
[Annotator "ITA-MNE"]
[PlyCount "72"]
[EventDate "2014.08.02"]

1. e4 c5 2. Nf3 e6 3. d4 cxd4 4. Nxd4 a6 5. Nc3 d6 6. Bd3 Nf6 7. O-O g6 8. a4
Nbd7 9. Be3 b6 10. Qd2 Bb7 11. Bh6 Bxh6 12. Qxh6 Ng4 13. Qh3 h5 14. Be2 Ngf6
15. Qe3 Qc7 16. Rad1 Qc5 17. Qd3 Ne5 18. Qe3 Ned7 19. Qd3 Qb4 20. f4 Nc5 21.
Qh3 Ncxe4 22. Nxe4 Nxe4 23. Nxe6 fxe6 24. Qxe6+ Kf8 25. f5 Qc5+ 26. Kh1 g5 27.
f6 Qc7 28. Bd3 Re8 29. Qf5 Re5 30. Qg6 h4 31. b4 h3 32. Kg1 hxg2 33. Rf5 Rxf5
34. Qxf5 d5 35. h3 Bc8 36. Qxd5 Rxh3 0-1

[Event "XLI Olimpiadi"]
[Site "Tromso NOR"]
[Date "2014.08.12"]
[Round "10.2"]
[White "Vocaturo, Daniele"]
[Black "Drasko, Milan"]
[WhiteElo "2587"]
[BlackElo "2437"]
[Result "1-0"]
[Annotator "ITA-MNE"]
[PlyCount "99"]
[EventDate "2014.08.02"]

1. d4 e6 2. c4 Nf6 3. Nf3 Bb4+ 4. Nbd2 d6 5. a3 Bxd2+ 6. Qxd2 O-O 7. e3 a5 8.
b3 Bd7 9. Bb2 Bc6 10. Be2 Nbd7 11. O-O Bxf3 12. Bxf3 c6 13. e4 a4 14. b4 Nb6
15. c5 Nc4 16. Qc2 d5 17. e5 Nd7 18. Be2 b5 19. cxb6 Ndxb6 20. Bd3 Qh4 21. Rae1
f5 22. g3 Qe7 23. Bc1 g5 24. h3 Qg7 25. Qe2 Kh8 26. Kg2 Rg8 27. Rh1 Nc8 28. h4
g4 29. Bg5 Qd7 30. Bf6+ Rg7 31. Bxc4 dxc4 32. Qxc4 Kg8 33. Bxg7 Kxg7 34. Qc5
Kf7 35. Rb1 Rb8 36. Rhc1 Ne7 37. Qd6 Qe8 38. d5 Nxd5 39. Qxc6 Qe7 40. Qxa4 f4
41. Qc2 Kg7 42. Qe4 Qb7 43. Kh2 Rf8 44. Rc2 Qa7 45. b5 Qxa3 46. b6 Nc3 47. Qd3
fxg3+ 48. fxg3 Nxb1 49. Rc7+ Rf7 50. Rxf7+ 1-0

[Event "XLI Olimpiadi"]
[Site "Tromso NOR"]
[Date "2014.08.12"]
[Round "10.3"]
[White "Kosic, Dragan"]
[Black "Brunello, Sabino"]
[WhiteElo "2486"]
[BlackElo "2560"]
[Result "1-0"]
[Annotator "ITA-MNE"]
[PlyCount "105"]
[EventDate "2014.08.02"]

1. d4 d5 2. Nf3 e6 3. c4 c6 4. e3 Bd6 5. Bd3 f5 6. O-O Nf6 7. b3 Qe7 8. a4 O-O
9. Ba3 Bxa3 10. Rxa3 a5 11. Ra1 b6 12. Nc3 g6 13. Rc1 Bb7 14. cxd5 exd5 15. Ne5
Nbd7 16. f4 Nxe5 17. fxe5 Ne8 18. Ne2 Ng7 19. Nf4 c5 20. Bb5 Rac8 21. Qd3 g5
22. Ne2 cxd4 23. Rxc8 Rxc8 24. exd4 f4 25. h4 gxh4 26. Rxf4 Rf8 27. Rxf8+ Qxf8
28. Qh3 Qd8 29. Bd7 Qg5 30. Qf3 Nh5 31. Be6+ Kg7 32. Qf7+ Kh6 33. Qxb7 Ng3 34.
Bxd5 Qe3+ 35. Kh2 Nf1+ 36. Kh1 Ng3+ 37. Kh2 Nf1+ 38. Kh1 Ng3+ 39. Nxg3 Qe1+ 40.
Nf1 Qxf1+ 41. Kh2 Qf4+ 42. Kg1 Qxd4+ 43. Kf1 Qd1+ 44. Kf2 Qd2+ 45. Kf3 Qd3+ 46.
Kf4 Qg3+ 47. Ke4 Qxg2+ 48. Ke3 Qg3+ 49. Bf3 Qxe5+ 50. Kd3 Qf5+ 51. Qe4 Qd7+ 52.
Ke3 h3 53. Qc6+ 1-0

[Event "XLI Olimpiadi"]
[Site "Tromso NOR"]
[Date "2014.08.12"]
[Round "10.4"]
[White "Dvirnyy, Danyyil"]
[Black "Nikcevic, Nebojsa"]
[WhiteElo "2530"]
[BlackElo "2427"]
[Result "1/2-1/2"]
[Annotator "ITA-MNE"]
[PlyCount "76"]
[EventDate "2014.08.02"]

1. d4 d5 2. c4 dxc4 3. e4 Nc6 4. d5 Ne5 5. Bf4 Ng6 6. Be3 e6 7. Bxc4 exd5 8.
exd5 Nf6 9. Nc3 a6 10. Nf3 Bd6 11. O-O O-O 12. Re1 Bg4 13. Be2 Re8 14. h3 Rxe3
15. fxe3 Qe7 16. Bf1 Bxf3 17. gxf3 Re8 18. Rc1 Bc5 19. d6 cxd6 20. Nd5 Nxd5 21.
Qxd5 Qh4 22. Kh1 h6 23. Qf5 Re5 24. Qg4 Qe7 25. b4 Bxe3 26. Rc8+ Nf8 27. f4
Bxf4 28. Rxe5 Bxe5 29. Bc4 Bf6 30. Kg2 Kh7 31. Rb8 Ng6 32. Bd3 Qe3 33. Qe4 Qd2+
34. Kf1 Bh4 35. Qf3 Qe1+ 36. Kg2 Qd2+ 37. Kf1 Qe1+ 38. Kg2 Qd2+ 1/2-1/2

[Event "XLI Olimpiadi"]
[Site "Tromso NOR"]
[Date "2014.08.14"]
[Round "11.1"]
[White "Granda Zuniga, Julio E."]
[Black "Caruana, Fabiano"]
[WhiteElo "2663"]
[BlackElo "2801"]
[Result "1/2-1/2"]
[Annotator "ITA-PER"]
[PlyCount "133"]
[EventDate "2014.08.02"]

1. c4 e5 2. Nc3 Nc6 3. g3 f5 4. Bg2 Nf6 5. e3 Bb4 6. Nge2 O-O 7. O-O Bxc3 8.
Nxc3 d6 9. d4 e4 10. f3 exf3 11. Qxf3 Bd7 12. b3 Rb8 13. Bb2 Qe8 14. Rae1 Qg6
15. Qd1 Ne7 16. e4 fxe4 17. Nxe4 Nxe4 18. Rxe4 Rxf1+ 19. Qxf1 Rf8 20. Qe1 Nc6
21. d5 Nd8 22. Re7 Rf7 23. h3 b6 24. g4 Kf8 25. Re4 Nb7 26. b4 Kg8 27. Qh4 h6
28. Kh2 a5 29. a3 axb4 30. axb4 b5 31. cxb5 Bxb5 32. Qe1 Nd8 33. h4 Rf8 34. Qc3
Qf7 35. h5 Re8 36. Kg3 Rxe4 37. Bxe4 Qe7 38. Bb1 c6 39. Ba2 Kh8 40. Qc1 Kh7 41.
Qc2+ Kh8 42. Qd2 Nf7 43. dxc6 Bxc6 44. Bxf7 Qxf7 45. Qxh6+ Kg8 46. Qe3 Qd5 47.
Qd4 Qf3+ 48. Kh4 Qf7 49. Bc3 Qe7+ 50. g5 Kh7 51. Qf4 Qe6 52. Qd4 Qe7 53. Qd3+
Be4 54. Qe3 Kg8 55. b5 Qb7 56. b6 Qe7 57. Kg3 Qb7 58. g6 Qd5 59. Qf4 Qc4 60.
Kh4 Qe6 61. Qg5 Bc6 62. Qf4 Bd5 63. Kg3 Qe2 64. Kh4 Qe7+ 65. Kg3 Qe2 66. Kh4
Qe7+ 67. Kg3 1/2-1/2

[Event "XLI Olimpiadi"]
[Site "Tromso NOR"]
[Date "2014.08.14"]
[Round "11.2"]
[White "David, Alberto"]
[Black "Cordova, Emilio"]
[WhiteElo "2565"]
[BlackElo "2629"]
[Result "0-1"]
[Annotator "ITA-PER"]
[PlyCount "80"]
[EventDate "2014.08.02"]

1. e4 c5 2. Nf3 Nc6 3. Bb5 e6 4. O-O Nge7 5. Re1 Ng6 6. c3 a6 7. Bf1 Be7 8. d4
cxd4 9. cxd4 d5 10. Nc3 O-O 11. g3 dxe4 12. Nxe4 Bb4 13. Nc3 b6 14. Bg5 Nce7
15. h4 h6 16. Bd2 Nf5 17. Ne4 Bxd2 18. Qxd2 Bb7 19. Rad1 Nd6 20. Bd3 Nxe4 21.
Bxe4 Bxe4 22. Rxe4 Qd5 23. Qe2 Qxa2 24. Rg4 Rad8 25. h5 Ne7 26. Ne5 Rd5 27. Ng6
Nxg6 28. hxg6 Rb5 29. gxf7+ Rxf7 30. Rc1 Qd5 31. Rc8+ Kh7 32. Re8 Qf5 33. Rxe6
Qb1+ 34. Kg2 Rxb2 35. Rxg7+ Kxg7 36. Qe5+ Kh7 37. Rf6 Rxf6 38. Qxf6 Qe4+ 39.
Kh2 Qd5 40. Qe7+ Kg8 0-1

[Event "XLI Olimpiadi"]
[Site "Tromso NOR"]
[Date "2014.08.14"]
[Round "11.3"]
[White "Cori Tello, Jorge"]
[Black "Vocaturo, Daniele"]
[WhiteElo "2630"]
[BlackElo "2587"]
[Result "1-0"]
[Annotator "ITA-PER"]
[PlyCount "93"]
[EventDate "2014.08.02"]

1. d4 Nf6 2. Nf3 g6 3. Bf4 Bg7 4. c3 O-O 5. e3 d6 6. h3 b6 7. Be2 Bb7 8. O-O
Nbd7 9. Bh2 Re8 10. a4 a5 11. Nbd2 e5 12. dxe5 dxe5 13. Qc2 Qe7 14. Rfd1 Red8
15. Bc4 Ne8 16. Ne4 Bxe4 17. Qxe4 Nd6 18. Qd5 Nxc4 19. Qxc4 Nc5 20. Bg3 Rd6 21.
Kh2 Rad8 22. Rxd6 Qxd6 23. b4 Qd3 24. Qh4 Ne6 25. Bxe5 g5 26. Qg4 h5 27. Qxh5
f6 28. Qg4 Kf7 29. Bg3 Qxc3 30. Rb1 Qc2 31. Re1 Qxa4 32. Qf5 Re8 33. b5 Kg8 34.
Qd5 Qb4 35. Rc1 Kh8 36. h4 Qe7 37. Rc4 Bh6 38. Re4 Qc5 39. Qd7 Re7 40. Qc8+ Nf8
41. Rxe7 Qxe7 42. Bxc7 Qd7 43. Qd8 Qxb5 44. hxg5 fxg5 45. Be5+ Kg8 46. Qf6 g4
47. Qxh6 1-0

[Event "XLI Olimpiadi"]
[Site "Tromso NOR"]
[Date "2014.08.14"]
[Round "11.4"]
[White "Dvirnyy, Danyyil"]
[Black "Cruz, Cristhian"]
[WhiteElo "2530"]
[BlackElo "2553"]
[Result "0-1"]
[Annotator "ITA-PER"]
[PlyCount "82"]
[EventDate "2014.08.02"]

1. c4 e6 2. g3 d5 3. Bg2 Nf6 4. Nf3 Be7 5. O-O O-O 6. b3 a5 7. Nc3 c6 8. d4
Nbd7 9. Qc2 b6 10. e4 Ba6 11. e5 Ne8 12. h4 dxc4 13. Re1 cxb3 14. axb3 Rc8 15.
Re4 g6 16. Bh6 Ng7 17. Ng5 Re8 18. g4 c5 19. d5 exd5 20. Nxd5 Ne6 21. Rd1 Bxg5
22. Bxg5 Nxg5 23. Nf6+ Nxf6 24. Rxd8 Rcxd8 25. Rf4 Nd5 26. Ra4 Ne6 27. Qc1 Bb5
28. Re4 Nb4 29. Qh6 Bd3 30. Re3 Rd4 31. Rg3 Nf4 32. e6 Rxe6 33. Re3 Nxg2 34.
Rxe6 fxe6 35. Qg5 Nf4 36. Qe7 Bb5 37. h5 gxh5 38. gxh5 Nbd5 39. Qd8+ Kf7 40. h6
Ne2+ 41. Kh2 Ne7 0-1